| 000 -GUIDE |
| Champ de contrôle de longueur fixe |
00715nam a22002297a 4500 |
| 003 - IDENTITÉ DU NUMÉRO DE CONTRÔLE |
| Champ de contrôle |
BI-BuBU |
| 008 - ÉLÉMENTS DE LONGUEUR FIXE - RENSEIGNEMENTS GÉNÉRAUX |
| Champ de contrôle de longueur fixe |
100607t ho ||||dr|||| 001 0dfre d |
| 020 ## - INTERNATIONAL STANDARD BOOK NUMBER |
| ISBN |
2734403269 |
| 039 ## - NIVEAU DE CONTRÔLE BIBLIOGRAPHIQUE ET HISTORIQUE D'ENCODAGE [OBSOLETE] |
| Date creation |
aln |
| 040 ## - SOURCE DU CATALOGAGE |
| Organisme qui a effectué le catalogage original |
BI-BuBU |
| Code de la langue utilisée dans le catalogage |
fre |
| Organisme qui a effectué la transcription |
BI-BuBU |
| 080 ## - INDICE DE LA CLASSIFICATION DÉCIMALE UNIVERSELLE (CDU) |
| Indice de la Classification décimale universelle |
551.49. |
| 100 10 - VEDETTE PRINCIPALE - NOM DE PERSONNE |
| Code de relation |
aut |
| Nom de personne |
Pringle Laurence |
| 245 10 - MENTION DU TITRE |
| Titre |
Fleuves et lacs. |
| Mention de responsabilité, etc. |
Laurence Pringle |
| 260 ## - PUBLICATION, DIFFUSION, ETC. (ADRESSE BIBLIOGRAPHIQUE) |
| Lieu de publication, diffusion, etc. |
Amsterdam |
| Nom de l'éditeur, diffuseur, etc. |
Ed. Time-Life |
| Date of publication, distribution, etc |
1991 |
| 300 ## - DESCRIPTION MATÉRIELLE |
| Collation |
176 p. |
| Autres caractéristiques matérielles |
ill., couv.ill. en coul. |
| Dimensions |
24 cm. |
| 440 ## - MENTION DE COLLECTION / VEDETTE SECONDAIRE DE TITRE |
| Titre |
La planète terre |
| 9 (RLIN) |
22591 |
| 504 ## - NOTE DE BIBLIOGRAPHIE ET INDEX. |
| Note de bibliographie et index. |
Bibliogr.Index. |
| 650 ## - VEDETTE-MATIÈRE - NOM COMMUN |
| Source du terme |
BI-BuBU |
| Vedette de sujet ou vedette comportant un nom géographique |
hydrologie. |
| 9 (RLIN) |
22592 |
| 942 ## - ÉLÉMENTS D'ENTRÉE ADDITIONNELLE (KOHA) |
| Source de la classification ou du système de rangement |
|
| Type d item koha |
BOOK |